000 01184nam a22003497a 4500
003 CHAP
005 20220329133023.0
008 971013s1981 r 00010 d
010 _a1344
011 _a2316
035 _a1509
040 _cCHAP
090 _aTesis
100 0 0 _aVázquez Guzmán, Isaías.
_9120386
245 _aEfecto del bicarbonato de sodio (Na NCO3) en la alimentación de vaquillas Holstein de reemplazo
260 _aMarín, N. L :
_bEl autor,
_c1981
300 _a46 h.
500 _a41-114
502 _aTesis (Ing. Agr. Zootecnista). -- Univ. Autónoma de Nuevo León. Fac. de Agronomía
590 _aALEPH
_b10
_c20130110
_lUCH01
_h1208
590 _aBATCH-UPD
_b10
_c20130109
_lUCH01
_h2330
590 _aBATCH-UPD
_b10
_c20130110
_lUCH01
_h1912
590 _aBATCH-UPD
_b10
_c20130409
_lUCH01
_h1856
590 _aBATCH-UPD
_b10
_c20130410
_lUCH01
_h1238
590 _aBATCH-UPD
_b10
_c20130914
_lUCH01
_h0626
590 _aCONVERSION
_b10
_c20130109
_lUCH01
_h1302
650 1 4 _aBicarbonato de sodio en nutrición animal.
_912604
650 1 4 _aGanado Holstein.
_945133
901 _aBK
942 _cTESIS
949 _bBC
_cTES
_d-10996
_eTS1
_h22877
_i1509
_si
999 _c1344
_d1344